Be A Competent Lawyer/ (Record no. 612964)
[ view plain ]
| 000 -LEADER | |
|---|---|
| fixed length control field | 00295nam a22001217a 4500 |
| 082 ## - DEWEY DECIMAL CLASSIFICATION NUMBER | |
| Classification number | 340 |
| Author Mark | ZAF |
| 100 ## - MAIN ENTRY--PERSONAL NAME | |
| Personal name | Zafar S M |
| 245 ## - TITLE STATEMENT | |
| Title | Be A Competent Lawyer/ |
| Statement of responsibility, etc. | S M Zafar |
| 260 ## - PUBLICATION, DISTRIBUTION, ETC. | |
| Place of publication, distribution, etc. | Lahore, |
| Name of publisher, distributor, etc. | Sagar Publishers |
| Date of publication, distribution, etc. | 2014. |
| 300 ## - PHYSICAL DESCRIPTION | |
| Extent | 208,p. |
| 650 ## - SUBJECT ADDED ENTRY--TOPICAL TERM | |
| Topical term or geographic name entry element | Competent Lawyer |
| 942 ## - ADDED ENTRY ELEMENTS (KOHA) | |
| Source of classification or shelving scheme | |
| Koha item type | Book |
| 650 ## - SUBJECT ADDED ENTRY--TOPICAL TERM | |
| -- | 127968 |
| Withdrawn status | Lost status | Source of classification or shelving scheme | Damaged status | Not for loan | Permanent Location | Current Location | Date acquired | Source of acquisition | Total Checkouts | Full call number | Barcode | Date last seen | Price effective from | Koha item type | Date last checked out |
|---|---|---|---|---|---|---|---|---|---|---|---|---|---|---|---|
| NUST Law School (NLS) | NUST Law School (NLS) | 02/26/2025 | Purchased by Multiline Books | 340 ZAF | NLS-12 | 02/26/2025 | 02/26/2025 | Book | |||||||
| NUST Law School (NLS) | NUST Law School (NLS) | 02/26/2025 | Purchased by Multiline Books | 340 ZAF | NLS-13 | 02/26/2025 | 02/26/2025 | Book | |||||||
| NUST Law School (NLS) | NUST Law School (NLS) | 02/26/2025 | Purchased by Multiline Books | 340 ZAF | NLS-14 | 02/26/2025 | 02/26/2025 | Book | |||||||
| NUST Law School (NLS) | NUST Law School (NLS) | 02/26/2025 | Purchased by Multiline Books | 340 ZAF | NLS-15 | 02/26/2025 | 02/26/2025 | Book | |||||||
| NUST Law School (NLS) | NUST Law School (NLS) | 06/27/2025 | Allied Book Company | 1 | 340 ZAF | NLS-2290 | 01/02/2026 | 06/27/2025 | Book | 10/03/2025 | |||||
| NUST Law School (NLS) | NUST Law School (NLS) | 06/27/2025 | Allied Book Company | 340 ZAF | NLS-2291 | 06/27/2025 | 06/27/2025 | Book | |||||||
| NUST Law School (NLS) | NUST Law School (NLS) | 06/27/2025 | Allied Book Company | 340 ZAF | NLS-2292 | 06/27/2025 | 06/27/2025 | Book | |||||||
| NUST Law School (NLS) | NUST Law School (NLS) | 06/27/2025 | Allied Book Company | 340 ZAF | NLS-2293 | 06/27/2025 | 06/27/2025 | Book |
